| 000 | 00469nam a22001577a 4500 | ||
|---|---|---|---|
| 003 | OSt | ||
| 008 | 150615b xxu||||| |||| 00| 0 eng d | ||
| 100 | 1 | _aCherrystone Philatelic Auctioneers | |
| 041 | _aeng | ||
| 245 | 1 | 0 | _aRussia, the Patrick Eppel collection |
| 246 | 1 | 0 | _aDecember 14-15, 2010 |
| 260 | _bCherrystone Philatelic Auctioneers | ||
| 300 | _a0 pages | ||
| 650 | 0 | _aRussia -- Auctions | |
| 650 | 0 | _aUnion of Soviet Socialist Republics (1917-1991) -- Auctions | |
| 999 |
_c1572 _d1572 |
||